[Event "Multi Tabs"]
[Site "Gladsaxe"]
[Date "1979.??.??"]
[Round "8"]
[White "Kaiszauri, Konstanty"]
[Black "Arnason, Jon"]
[Result "0-1"]
[WhiteElo "2405"]
[BlackElo "2410"]
[PlyCount "120"]
[EventDate "1979.??.??"]
[EventType "tourn"]
[EventRounds "9"]
[EventCountry "DEN"]

1. e4 c5 2. Nf3 e6 3. b3 b6 4. d4 cxd4 5. Nxd4 Bb7 6. Bd3 Bc5 7. Bb2 Qf6 8. c3
Nc6 9. O-O Nxd4 10. cxd4 Bxd4 11. Bxd4 Qxd4 12. Na3 a6 13. Nc4 b5 14. Na5 Bc6
15. a4 Rb8 16. Nxc6 dxc6 17. axb5 axb5 18. Qc2 Ne7 19. Rfd1 Qb6 20. e5 h6 21.
Be4 O-O 22. Rd7 Nd5 23. g3 Rbd8 24. Raa7 Rxd7 25. Rxd7 Qd4 26. Bxd5 cxd5 27.
Qe2 Qb6 28. h4 b4 29. Kg2 Qc6 30. Rd6 Qc3 31. Qe3 Rc8 32. Qf4 Qxb3 33. Rd7 Rf8
34. Rb7 Qc4 35. Rxb4 Qxf4 36. Rxf4 f6 37. exf6 gxf6 38. h5 Kf7 39. Ra4 Re8 40.
Kf3 e5 41. Kg4 Rg8+ 42. Kf3 Ke6 43. g4 Rd8 44. Ra3 Rd6 45. Ke2 Rb6 46. Ra8 e4
47. Ke3 Rb3+ 48. Kd4 Rd3+ 49. Kc5 Ke5 50. Re8+ Kf4 51. Rg8 Rd2 52. Rg6 Ke5 53.
Rxh6 Rc2+ 54. Kb5 Rxf2 55. Rh8 e3 56. Re8+ Kd4 57. Kc6 e2 58. Re6 Rg2 59. h6
Rh2 60. h7 Kd3 0-1

[Event "Multi Tabs"]
[Site "Gladsaxe"]
[Date "1979.??.??"]
[Round "8"]
[White "Mortensen, Erling"]
[Black "Fuglsang, Flemming"]
[Result "1-0"]
[WhiteElo "2365"]
[BlackElo "2205"]
[PlyCount "66"]
[EventDate "1979.??.??"]
[EventType "tourn"]
[EventRounds "9"]
[EventCountry "DEN"]

1. Nf3 c5 2. c4 g6 3. d4 Bg7 4. e4 cxd4 5. Nxd4 Nc6 6. Be3 Nf6 7. Nc3 Ng4 8.
Qxg4 Nxd4 9. Qd1 Ne6 10. Rc1 O-O 11. b4 b6 12. Be2 Bb7 13. Nd5 f5 14. exf5 Rxf5
15. Bf3 Rb8 16. O-O Nc7 17. Be4 Re5 18. Bf4 Rxe4 19. Bxc7 Qf8 20. Bxb8 Qxb8 21.
Re1 Rxe1+ 22. Qxe1 e6 23. Nc3 Qf4 24. Ne2 Qe4 25. Qf1 h5 26. Ng3 Qf4 27. Ne2
Qe4 28. f3 Qe3+ 29. Kh1 h4 30. Ng1 g5 31. Rd1 Be5 32. Nh3 g4 33. Rd3 Qh6 1-0

[Event "Multi Tabs"]
[Site "Gladsaxe"]
[Date "1979.??.??"]
[Round "8"]
[White "Fries Nielsen, Jens Ove"]
[Black "Hoi, Carsten"]
[Result "0-1"]
[WhiteElo "2310"]
[BlackElo "2355"]
[PlyCount "80"]
[EventDate "1979.??.??"]
[EventType "tourn"]
[EventRounds "9"]
[EventCountry "DEN"]

1. Nf3 Nf6 2. d4 d6 3. Bg5 Nbd7 4. c3 h6 5. Bh4 g5 6. Bg3 Nh5 7. e3 Bg7 8. Nbd2
e6 9. Qc2 Qe7 10. Be2 Nb6 11. Bb5+ Bd7 12. Bxd7+ Qxd7 13. a4 a5 14. c4 O-O 15.
O-O Nc8 16. c5 Nxg3 17. hxg3 Ne7 18. cxd6 cxd6 19. Nc4 Qc7 20. Qb3 Nd5 21. Qb5
Rfc8 22. Nfd2 Ra6 23. Ra3 Nb4 24. Rb3 d5 25. Nxa5 Rb6 26. Rxb4 Rxb5 27. Rxb5 e5
28. Nxb7 exd4 29. exd4 Bxd4 30. Nf3 Ba7 31. Na5 g4 32. Nh4 Qxg3 33. Nf5 Bxf2+
34. Kh1 Qe5 35. Rxd5 Qe2 36. Rfd1 g3 37. Nxh6+ Kg7 38. Nf5+ Kf6 39. Nh4 Rh8 40.
Rf5+ Ke6 0-1

[Event "Multi Tabs"]
[Site "Gladsaxe"]
[Date "1979.??.??"]
[Round "9"]
[White "Arnason, Jon"]
[Black "Mortensen, Erling"]
[Result "1-0"]
[WhiteElo "2410"]
[BlackElo "2365"]
[PlyCount "51"]
[EventDate "1979.??.??"]
[EventType "tourn"]
[EventRounds "9"]
[EventCountry "DEN"]

1. e4 c5 2. Nf3 e6 3. d4 cxd4 4. Nxd4 Nf6 5. Nc3 d6 6. Be2 a6 7. f4 Be7 8. O-O
Qc7 9. Kh1 O-O 10. Qe1 b5 11. Bf3 Bb7 12. a3 Nc6 13. Be3 Na5 14. Rd1 Rfc8 15.
Qg3 Nc4 16. Bc1 Bf8 17. Nde2 Rab8 18. b3 Nb6 19. Bb2 d5 20. exd5 exd5 21. Nxb5
axb5 22. Bxf6 Qxc2 23. Be5 Qxb3 24. Nd4 Qa4 25. Bxg7 Rc6 26. Bf6+ 1-0

[Event "Multi Tabs"]
[Site "Gladsaxe"]
[Date "1979.??.??"]
[Round "9"]
[White "Hoi, Carsten"]
[Black "Kaiszauri, Konstanty"]
[Result "1-0"]
[WhiteElo "2355"]
[BlackElo "2405"]
[PlyCount "109"]
[EventDate "1979.??.??"]
[EventType "tourn"]
[EventRounds "9"]
[EventCountry "DEN"]

1. d4 Nf6 2. c4 e6 3. Nc3 Bb4 4. e3 O-O 5. Bd3 d5 6. a3 Bxc3+ 7. bxc3 dxc4 8.
Bxc4 c5 9. Ne2 Qc7 10. Bd3 Nc6 11. O-O e5 12. Bb2 Bg4 13. f3 Be6 14. Rc1 Rad8
15. Kh1 Na5 16. c4 Qb6 17. Ba1 exd4 18. exd4 cxd4 19. Nxd4 Rd7 20. Nxe6 fxe6
21. Qe2 Nb3 22. Rb1 Nd4 23. Qe5 Qd8 24. Rbd1 Kh8 25. Bb1 Nc6 26. Rxd7 Qxd7 27.
Qc5 Qe7 28. Qxe7 Nxe7 29. Kg1 Nc6 30. Bc3 Rd8 31. Kf2 Nd7 32. Rd1 Kg8 33. Ke3
h6 34. h4 Nc5 35. Rxd8+ Nxd8 36. Bc2 Nc6 37. g4 b6 38. f4 Kf7 39. h5 Kf8 40.
Kf3 Kf7 41. g5 Kf8 42. Ke3 Kf7 43. Bd1 Ne7 44. Bg4 Kf8 45. Bb4 Kf7 46. g6+ Ke8
47. Bxc5 bxc5 48. Bxe6 Nc6 49. Ke4 Nd4 50. Bg4 Ke7 51. Kd5 Nc2 52. Kxc5 Nxa3
53. Bf5 a5 54. Bd3 Ke6 55. Kd4 1-0

[Event "Multi Tabs"]
[Site "Gladsaxe"]
[Date "1979.??.??"]
[Round "9"]
[White "Niklasson, Christer"]
[Black "Schneider, Lars Ake"]
[Result "0-1"]
[WhiteElo "2385"]
[BlackElo "2420"]
[PlyCount "68"]
[EventDate "1979.??.??"]
[EventType "tourn"]
[EventRounds "9"]
[EventCountry "DEN"]

1. d4 Nf6 2. c4 e6 3. Nc3 Bb4 4. a3 Bxc3+ 5. bxc3 c5 6. e3 b6 7. Ne2 O-O 8. Ng3
Nc6 9. e4 Ne8 10. Be3 Ba6 11. Bd3 Na5 12. Qe2 Rc8 13. Rc1 Nd6 14. dxc5 Ndxc4
15. cxb6 axb6 16. e5 Nxe3 17. Bxa6 Nxg2+ 18. Kf1 Nf4 19. Qe4 Qh4 20. Bxc8 Rxc8
21. h3 g6 22. c4 Nb3 23. Rd1 b5 24. Qb7 Rxc4 25. Qxd7 Kg7 26. Kg1 Nd4 27. Qb7
Rc3 28. Kf1 Rf3 29. Rg1 Qxh3+ 30. Ke1 Qh2 31. Rf1 Nc2+ 32. Kd2 Rxf2+ 33. Rxf2
Qxf2+ 34. Kc1 Nxa3 0-1